| 000 | 00544nam a2200193Ia 4500 | ||
|---|---|---|---|
| 005 | 20250423100315.0 | ||
| 008 | 250422s9999 xx 000 0 und d | ||
| 020 | _a9781451110432 | ||
| 050 | _aQM 451 .H18/ | ||
| 100 | _aHaines, Duane E. | ||
| 245 | 0 | _aNeuroanatomy: an atlas of structures, sections and systems | |
| 250 | _a8th ed. | ||
| 260 | _aPhiladelphia | ||
| 260 | _bWolters Kluwer | ||
| 260 | _c2012 | ||
| 300 | _a332 p | ||
| 650 | _aNeuroanatomy--Atlases. Central Nervous System--anatomy & histology--Atlases. | ||
| 942 | _cBK | ||
| 999 |
_c32908 _d32908 |
||